Банковские риски: учебник для вузов

Bibliografische gegevens
Coauteur: Финансовый университет при Правительстве Российской Федерации
Andere auteurs: Лаврушин О. И. (редактор), Валенцева Н. И.
Samenvatting:Представляет собой сочетание теории банковских рисков и практики управления ими с учетом действующей нормативно-правовой базы. Особое внимание уделено сущности и классификации рисков, основным видам частных и комплексных рисков, а также проблемам современного банковского риск-менеджмента. Более детально рассмотрены комплексные риски банка, а также показаны варианты использования математических методов и моделирования для прогнозирования рисков, подходы к оценке совокупного риска банка. Соответствует Федеральному государственному образовательному стандарту высшего профессионального образования третьего поколения. Для студентов бакалавриата и магистрантов вузов, обучающихся по специальности «Финансы и кредит». Может быть использовано в качестве дополнительной литературы к основным учебникам по курсам, связанным с теорией и практикой банковского дела.
Taal:Russisch
Gepubliceerd in: Москва, КноРус, 2013
Editie:3-е изд., перераб. и доп.
Reeks:Бакалавриат и магистратура
Onderwerpen:
Formaat: MixedMaterials Boek
KOHA link:https://koha.lib.tpu.ru/cgi-bin/koha/opac-detail.pl?biblionumber=235958

MARC

LEADER 00000nam0a2200000 4500
001 235958
005 20231101231435.0
010 |a 9785406018279 
035 |a (RuTPU)RU\TPU\book\257102 
090 |a 235958 
100 |a 20130418d2013 m y0rusy50 ca 
101 0 |a rus 
102 |a RU 
105 |a a j 001zy 
200 1 |a Банковские риски  |e учебник для вузов  |f Финансовый университет при Правительстве Российской Федерации ; под ред. О. И. Лаврушина, И. Валенцевой 
205 |a 3-е изд., перераб. и доп. 
210 |a Москва  |c КноРус  |d 2013 
215 |a 296 с.  |c ил. 
225 1 |a Бакалавриат и магистратура 
320 |a Библиогр.: с. 289-292. 
330 |a Представляет собой сочетание теории банковских рисков и практики управления ими с учетом действующей нормативно-правовой базы. Особое внимание уделено сущности и классификации рисков, основным видам частных и комплексных рисков, а также проблемам современного банковского риск-менеджмента. Более детально рассмотрены комплексные риски банка, а также показаны варианты использования математических методов и моделирования для прогнозирования рисков, подходы к оценке совокупного риска банка. Соответствует Федеральному государственному образовательному стандарту высшего профессионального образования третьего поколения. Для студентов бакалавриата и магистрантов вузов, обучающихся по специальности «Финансы и кредит». Может быть использовано в качестве дополнительной литературы к основным учебникам по курсам, связанным с теорией и практикой банковского дела. 
606 1 |a Банковские риски  |2 stltpush  |3 (RuTPU)RU\TPU\subj\35901  |9 57458 
610 1 |a финансы 
610 1 |a банки 
610 1 |a риски 
610 1 |a риски финансовые 
610 1 |a управление 
610 1 |a кредитные риски 
610 1 |a процентные риски 
610 1 |a несбалансированная ликвидность 
610 1 |a операционные риски 
610 1 |a потребительское кредитование 
610 1 |a инвестиционные риски 
610 1 |a синдицированные кредиты 
610 1 |a международные операции 
610 1 |a учебники 
686 |a У9(2)262.2я73  |v LBC/SL-A  |2 rubbk 
702 1 |a Лаврушин  |b О. И.  |4 340 
702 1 |a Валенцева  |b Н. И.  |4 340 
712 0 2 |a Финансовый университет при Правительстве Российской Федерации  |c (Москва)  |c (2010- )  |2 stltpush  |3 (RuTPU)RU\TPU\col\17114  |9 26530 
801 1 |a RU  |b 63413507  |c 20130418 
801 2 |a RU  |b 63413507  |c 20150526  |g RCR 
900 |a Банковское дело 
942 |c BK 
951 |b 080300 
959 |a 81/20130418  |d 5  |e 499,00  |f ЧЗГЛ:1  |f АНЛ:1  |f УФ:3